National and State Identity in Turkey : : The Transformation of the Republic's Status in the International System /

Bibliographic Details
Main Author: Alaranta, Toni (Author)
Format: Book
Language:English
Published: Lanham, Maryland: Rowman & Littlefield, 2015.
Subjects:
LEADER 00881cam a2200241 7i4500
001 0000033683
005 20160816090000.0
007 ##ta
008 160727s2015 mdu b 001 0 eng
020 # # |a 9781442250741  
040 # # |a StDuBDS 
090 0 0 |a TUR 327.561   |b ALA 
100 1 # |a Alaranta, Toni   |e author  
245 1 0 |a National and State Identity in Turkey : :   |b The Transformation of the Republic's Status in the International System /   |c Toni Alaranta. 
264 # 1 |a Lanham, Maryland:   |b Rowman & Littlefield,   |c 2015. 
300 # # |a ix, 181 pages ;;   |c 24 cm. 
336 # # |a text  |2 rdacontent 
337 # # |a unmediated  |2 rdamedia 
338 # # |a volume  |2 rdacarrier 
504 # # |a Includes bibliographical references (pages 163-172) and index 
650 # 0 |a Nationalism --   |z Turkey  
651 # 0 |a Turkey --   |x Foreign relations  
999 |a 0000037334  |b Book  |c Countries  |e Business Information Centre